Gaming Quiz

Random Gaming or Capital Quiz

Skyrim Holds & Capitals Quiz Stats

 Plays Quiz not verified by Sporcle

Challenge
Share
Tweet
Embed
Score 0/9 Timer 07:00
0 Plays Today
% Correct
Whiterun
96.4%
Solitude
94.6%
Riften
92.8%
Winterhold
92.3%
Windhelm
88.3%
Markarth
87.8%
Dawnstar
87.4%
Falkreath
81.1%
Morthal
79.7%

You're not logged in!

Compare scores with friends on all Sporcle quizzes.
OR
Log In

You Might Also Like...

Show Comments

Extras

Created Feb 24, 2012ReportNominate
Tags:Capital Quiz, hold, Skyrim, weapons

Top Quizzes Today


Score Distribution

Your Account Isn't Verified!

In order to create a playlist on Sporcle, you need to verify the email address you used during registration. Go to your Sporcle Settings to finish the process.

Report this User

Report this user for behavior that violates our Community Guidelines.

Details: